[Event "Quimper op 5th"]
[Site "Quimper"]
[Date "2014.10.31"]
[Round "4"]
[White "Herledan, Frederic"]
[Black "Bou, Serge"]
[Result "0-1"]
[WhiteElo "1399"]
[BlackElo "1328"]
[PlyCount "62"]
[EventDate "2014.10.31"]
[EventType "swiss"]
[EventRounds "7"]
[EventCountry "FRA"]
[SourceTitle "EXT 2016"]
[Source "ChessBase"]
[SourceDate "2015.10.08"]
[SourceVersion "1"]
[SourceVersionDate "2015.10.08"]
[SourceQuality "1"]

1. e4 e5 2. Nc3 Nf6 3. d3 Bb4 4. Bg5 0-0 5. Nf3 d6 6. Be2 Bg4 7. d4 Bxf3 8. Bxf3 exd4 9. Qxd4 Bxc3+ 10. Qxc3 Nc6 11. 0-0-0 h6 12. Bh4 g5 13. Bg3 g4 14. Be2 Nxe4 15. Qe3 Re8 16. Rhf1 Nc3 17. Qxc3 Rxe2 18. Rfe1 Qg5+ 19. Kb1 Rae8 20. f4 gxf3 21. gxf3 R8e3 22. Rd3 Rxe1+ 23. Bxe1 Rxd3 24. cxd3 Qf5 25. Bd2 Qxf3 26. Bxh6 Qh1+ 27. Kc2 Qxh2+ 28. Kb3 Qxh6 29. d4 Qg5 30. d5 Qxd5+ 31. Ka4 Qa5+ 0-1